DCEU Movies by Rotten Tomatoes Score - Statistics

General Stats
  • This quiz has been taken 77 times
  • The average score is 13 of 17
Answer Stats
Hint Answer % Correct
2016 Suicide Squad
95%
2016 Batman v Superman: Dawn of Justice
94%
2013 Man of Steel
89%
2017 Wonder Woman
88%
2018 Aquaman
84%
2017 Justice League
83%
2023 The Flash
81%
2021 The Suicide Squad
81%
2020 Wonder Woman 1984
78%
2023 Aquaman and the Lost Kingdom
75%
2019 Shazam!
69%
2020 Birds of Prey
66%
2022 Black Adam
66%
2021 Zack Snyder's Justice League
63%
2023 Blue Beetle
61%
2023 Shazam! Fury of the Gods
61%
2022* Peacemaker
45%
No matching quizzes found
Score Distribution
Percent of People with Each Score
Percentile by Number Answered
Your Score History
You have not taken this quiz